000 01275nam a2200409 a 4500
001 20450
003 VRT
005 20260122142047.0
008 000816q1995 xo g np 000 p slo c
020 _a808883418X (brož.)
035 _aUKB000184609
039 9 _a201304081255
_bgluc
040 _aBAA001
_bslo
_cBAA001
_eAACR2
041 1 _aslo
_hita
044 _axo
_cSK
080 _a850-93-1
100 0 _aDante Alighieri,
_d1265-1321
243 1 0 _aStredoveká literatúra
245 1 0 _aNový život
_b(výber z diela)
_cDante Alighieri ; [prel. Viliam Turčány, Jozef Felix]
260 _aRohovce
_bInterpopulart Slovakia
_c[1995]
300 _a129 s.
490 1 _aPopulart. Študentská knižnica
_v19
500 _aStredoveká literatúra
504 _aBibliogr. s. 128
650 0 7 _aliteratúra talianska stredoveká
650 0 7 _apoézia
653 _a850-93-1
700 1 _aTurčány, Viliam,
_d1928-
_4trl
700 1 _aFelix, Jozef,
_d1913-1977
_4trl
760 1 _tPopulart. Študentská knižnica
830 0 _aPopulart. Študentská knižnica
_v19
910 _aukb
942 _2ddc
_cKLDO
_n0
949 _61800004750
_a30.D.64394
_bPV.1811-96
949 _61800004751
_aSL.D.23147
_bPV.1812-96
949 _61800006916
_a30.D.64394
_bKD.168-96
999 _c20450
_d20450